Diferencovanosť výdavkovej situácie domácností na Slovensku sa v rokoch 1992-1996 prehĺbila

Zisťovanie výdavkov pri hodnotení sociálno-ekonomickej situácie domácností SR v r. 1992-1996. Spotrebné výdavky, výdavky na potraviny, výdavky na priemyselné výrobky, výdavky na služby v priemerných domácnostiach na Slovensku. Štruktúra výdavkov. Tri kategórie domácností. Zhoršovanie situácie domácn...

Ausführliche Beschreibung

Gespeichert in:
Bibliographische Detailangaben
1. Verfasser: Cár, Mikuláš
Format: Buchkapitel
Sprache:Slowakisch
Schlagworte:
Tags: Tag hinzufügen
Keine Tags, Fügen Sie das erste Tag hinzu!

MARC

LEADER 00000naa a2200000 4500
001 r027601
005 20230921081048.7
041 0 |a slo 
044 |a SK 
245 1 0 |a Diferencovanosť výdavkovej situácie domácností na Slovensku sa v rokoch 1992-1996 prehĺbila  |c M. Cár 
520 |a Zisťovanie výdavkov pri hodnotení sociálno-ekonomickej situácie domácností SR v r. 1992-1996. Spotrebné výdavky, výdavky na potraviny, výdavky na priemyselné výrobky, výdavky na služby v priemerných domácnostiach na Slovensku. Štruktúra výdavkov. Tri kategórie domácností. Zhoršovanie situácie domácností pod životným minimom. 
610 2 0 |a výdavky 
610 2 0 |a domácnosti 
610 2 0 |a potraviny 
610 2 0 |a výrobky priemyselné 
610 2 0 |a služby 
610 2 0 |a minimum existenčné 
610 2 0 |a 1992-1996 
610 2 0 |a Slovensko 
100 1 |a Cár, Mikuláš